| 000 | 01691nam0a2200349 4500 | ||
|---|---|---|---|
| 001 | RU\NLR\BIBL_A\022658071 | ||
| 005 | 20260203124920.0 | ||
| 010 |
_a978-5-6052404-2-6 _92000 |
||
| 021 |
_aRU _bКН-П-25-056825 _9КН-П-25-5479 |
||
| 035 | _a(NLR Aleph) 022658071 | ||
| 090 |
_a13543693 _c13543693 |
||
| 100 | _a20251031d2025 u y0rusy50 ca | ||
| 101 | 1 |
_arus _cfre |
|
| 102 | _aRU | ||
| 105 | _ao z 000ay | ||
| 181 | 0 |
_ai _b xxe |
|
| 182 | 0 | _an | |
| 200 | 1 |
_aПтичьи певцы _e[роман] _fЖан Буко, Джонни Расс _gперевела с французского Мария Пшеничникова |
|
| 203 |
_aТекст _bвизуальный _cнепосредственный |
||
| 210 |
_aСанкт-Петербург _cПоляндрия Ноу Эйдж, NoAge _d2025 |
||
| 215 |
_a254, [1] с. _cорнаменты _d20 |
||
| 225 | 1 |
_aПрограмма содействия издательскому делу "Пушкин" Французского института при Посольстве Франции в России _dProgramme d'aide à la publication "Pouchkine" de l'Institut français près l'Ambassade de France en Russie _zfre |
|
| 225 | 1 | _apark.NoAge | |
| 686 | 1 | _aШ6(4Фр)67-49(Ж.Б){Лх1649-100/140(Ж.Б)} | |
| 686 | 1 | _aШ6(4Фр)67-49(Д.Р){Лх1649-100/140(Д.Р)} | |
| 700 | 1 |
_aБуко _bЖ. _gЖан _3RU\NLR\AUTH\770289384 |
|
| 701 | 1 |
_aРасс _bД. _gДжонни _3RU\NLR\AUTH\770289385 |
|
| 942 | _cBOOK | ||
| 980 | _aNB | ||